00529 2200205 4500001002100000005001500021035002000036007000300056008004100059020001800100082000800118084001400126100001900140245005300159250001000212260003500222300003200257650002100289990001300310INLIS00000000000046320171002103949 a0010-1017000017ta171002 f 0 ind  a979-95697-7-0 a297 a297 AMI m0 aAmini, Ibrahim1 aMembelajarkan Nilai Nilai Islam /cIbrahim Amini aCet.1 aDepok :bInisiasi Press,c2003 a83hlm :bilus ;c15 x 22 cm aPelajaran Islami a1071 625